| 000 | 02384nam a2200253 4500 | ||
|---|---|---|---|
| 003 | NALT | ||
| 005 | 20250909110440.0 | ||
| 008 | 250904b th ||||| |||| 00| 0 tha d | ||
| 020 | _a9786160309078 | ||
| 040 | _aNALT | ||
| 090 |
_aAG 160 _bพ349พ 2559 |
||
| 100 | 0 |
_aพระพรหมคุณาภรณ์ (ป.อ. ปยุตฺโต) _916019 |
|
| 245 | 1 | 0 |
_aพจนานุกรมพุทธศาสตร์ ฉบับประมวลศัพท์ / _cพระพรหมคุณาภรณ์ (ป.อ. ปยุตฺโต). |
| 250 | _aพิมพ์ครั้งที่ 27. | ||
| 260 |
_aกรุงเทพฯ : _bโรงพิมพ์พระพุทธศาสนาของธรรมสภา, _c2559. |
||
| 300 |
_a600 หน้า : _c21 ซม. |
||
| 505 | 2 | _aบันทึกนำ-พิมพ์ครั้งที่ 11 -- ความเป็นมา (นการชำระ-เพิ่มเติม ช่วงที่ 1) -- คำปรารภ (ในการพิมพ์ครั้งที่ 10) -- บันทึกของผู้เรียบเรียง (ในการพิมพ์ครั้งที่ 2 - พ.ศ. 2527) -- ควรทราบก่อน -- วิธีอ่านคำบาลี -- อักษรย่อชื่อคำภีร์ -- ก -- ข -- ค -- ฆ -- ง -- จ -- ฉ -- ช -- ซ -- ฌ -- ญ -- ฎ -- ฐ -- ด -- ต -- ถ -- ท -- ธ -- น -- บ -- ป -- ผ -- พ -- ฟ -- ภ -- ม -- ย -- ร -- ฤ -- ล -- ว -- ศ -- ส -- ห -- อ -- ผนวกคำนำบูชาในวันสำคัญ -- วันมาฆบูชา -- วันวิสาขบูชา -- วันอาสาฬหบูชา -- แถลงการจัดทำหนังสือ (ในการพิมพ์ครั้งที่ 1) -- ความเป็นมาของ พจนานุกรมพุทธศาสตร์ -- ทุนพิมพ์พจนานุกรมพุทธศาสน์. | |
| 650 | 4 |
_aพุทธศาสนา _xพจนานุกรม _931449 |
|
| 942 |
_2local _cREF |
||
| 996 |
_ajidapa.t _bACQSTF _c2025-09-04 |
||
| 996 |
_avaree.k _bLIBSTF _c2025-09-05 |
||
| 996 |
_asaiphon.d _bCATSTF _c2025-09-09 |
||
| 999 |
_c107183 _d107183 |
||
| 998 |
_j104 _k นางสาวสายฝน ดีงาม |
||